000 00432 a2200133 4500
082 _a075.49101
090 _c3192
_d3192
100 _aShahjahanpuri, Abu Suleman
245 _aBibliography of Pakistan's newspapers and journals upto 1947 (urdu)
_cAbu Suleman Shahjahanpuri
260 _aIslamabad:
_bMuqtidra Qomi Zuban,
_c1987.
300 _a239 p. ;
_c24 cm.
650 _aBibliography--Pakistan--Journals
942 _cBK
_k075.49101 SHA
999 _c7107
_d7107